[Event "Oberliga Nord W 1617"]
[Site "Germany"]
[Date "2016.10.16"]
[Round "1.8"]
[White "Wagner, Jan"]
[Black "Hilburt, Leonid"]
[Result "1-0"]
[WhiteElo "2137"]
[BlackElo "2106"]
[PlyCount "67"]
[EventDate "2016.10.16"]
[EventType "team-tourn"]
[EventRounds "9"]
[EventCountry "GER"]
[SourceTitle "EXT 2018"]
[Source "ChessBase"]
[SourceDate "2017.10.13"]
[SourceVersion "1"]
[SourceVersionDate "2017.10.13"]
[SourceQuality "1"]
[WhiteTeam "Oldenburg Union"]
[BlackTeam "Hannover"]
[WhiteTeamCountry "GER"]
[BlackTeamCountry "GER"]

1. Nf3 d5 2. g3 c5 3. Bg2 Nc6 4. 0-0 e5 5. d3 Nf6 6. Nbd2 Bd6 7. e4 d4 8. Nc4 Bc7 9. a4 Be6 10. Nh4 Qd7 11. f4 Bxc4 12. dxc4 0-0-0 13. Ra3 Kb8 14. Bd2 Ne8 15. a5 a6 16. Qe2 f6 17. Nf3 Nd6 18. fxe5 Nxe5 19. Nxe5 fxe5 20. Raf3 Qa4 21. b3 Qa2 22. Rc1 Bxa5 23. Rff1 d3 24. Qe1 Bxd2 25. Qxd2 dxc2 26. Qc3 Qa3 27. Rxc2 Qb4 28. Qxe5 Qxb3 29. Rb2 Qe3+ 30. Kh1 Qd4 31. Qxd4 cxd4 32. e5 Nxc4 33. Rxb7+ Kc8 34. Rc1 1-0

[Event "GER-chT Seniors 21st"]
[Site "Berlin"]
[Date "2012.09.13"]
[Round "4.34"]
[White "Hilburt, Leonid"]
[Black "Frick, Christoph"]
[Result "0-1"]
[WhiteElo "2010"]
[BlackElo "2202"]
[PlyCount "40"]
[EventDate "2012.09.10"]
[EventType "team-swiss"]
[EventRounds "7"]
[EventCountry "GER"]
[SourceTitle "CBM 150 Extra"]
[Source "ChessBase"]
[SourceDate "2012.10.19"]
[SourceVersion "1"]
[SourceVersionDate "2012.10.19"]
[SourceQuality "1"]
[WhiteTeam "Niedersachsen Seniors II"]
[BlackTeam "Wuerttemberg Seniors"]
[WhiteTeamCountry "GER"]
[BlackTeamCountry "GER"]

1. e4 g6 2. d4 Bg7 3. Nc3 d6 4. Be3 a6 5. f3 Nd7 6. Qd2 b5 7. a3 Bb7 8. g3 c5 9. Nge2 cxd4 10. Nxd4 Ngf6 11. Bg2 Ne5 12. b3 Rc8 13. Rd1 Qa5 14. Nb1 Qc7 15. h3 0-0 16. 0-0 Ned7 17. c3 d5 18. exd5 Nxd5 19. Bf2 e5 20. Ne2 f5 0-1

[Event "GER-chT Seniors 21st"]
[Site "Berlin"]
[Date "2012.09.11"]
[Round "2.122"]
[White "Hilburt, Leonid"]
[Black "Hiller, Joachim"]
[Result "1/2-1/2"]
[WhiteElo "2010"]
[BlackElo "1828"]
[PlyCount "106"]
[EventDate "2012.09.10"]
[EventType "team-swiss"]
[EventRounds "7"]
[EventCountry "GER"]
[SourceTitle "CBM 150 Extra"]
[Source "ChessBase"]
[SourceDate "2012.10.19"]
[SourceVersion "1"]
[SourceVersionDate "2012.10.19"]
[SourceQuality "1"]
[WhiteTeam "Niedersachsen Seniors II"]
[BlackTeam "Rheinland Pfalz Seniors II"]
[WhiteTeamCountry "GER"]
[BlackTeamCountry "GER"]

1. e4 e5 2. Nf3 Nc6 3. Bb5 a6 4. Ba4 d6 5. c3 Bd7 6. 0-0 g6 7. d4 Bg7 8. Bg5 Nge7 9. d5 Na5 10. b4 Nc4 11. Bb3 Nb6 12. c4 0-0 13. c5 Nbc8 14. Qc1 Qe8 15. Nc3 c6 16. Bh6 cxd5 17. Bxg7 Kxg7 18. cxd6 Nxd6 19. Nxd5 Nxd5 20. Bxd5 Rc8 21. Qb2 f6 22. Nd2 Bc6 23. Bxc6 Rxc6 24. Rfc1 Qd7 25. Rxc6 Qxc6 26. Rc1 Qd7 27. f3 Rc8 28. Nb3 b6 29. Rd1 Qe7 30. Qa3 Rc2 31. Qxa6 Nc4 32. Qb5 Qe6 33. Rc1 Na3 34. Qd3 Rxa2 35. Rc7+ Kh6 36. Nc1 Ra1 37. Qd2+ g5 38. Qb2 Nb5 39. Rxh7+ Kxh7 40. Qxa1 Qc4 41. Qb2 Nd4 42. Kf2 Nc2 43. Qa2 Qc7 44. Qb2 Qc4 45. Na2 Qd3 46. Qc3 Qd1 47. Kg3 Kg6 48. h3 Nd4 49. Qc4 Ne2+ 50. Kf2 Nf4 51. Qg8+ Kh6 52. Qf8+ Kg6 53. Qe8+ Kg7 1/2-1/2

[Event "Oberliga Nord W 1112"]
[Site "Germany"]
[Date "2012.01.15"]
[Round "5.8"]
[White "Hoellmann, Ludger"]
[Black "Hilburt, Leonid"]
[Result "1/2-1/2"]
[WhiteElo "2143"]
[BlackElo "2154"]
[PlyCount "86"]
[EventDate "2011.10.02"]
[EventType "team-tourn"]
[EventRounds "9"]
[EventCountry "GER"]
[SourceTitle "EXT 2013"]
[Source "ChessBase"]
[SourceDate "2012.11.22"]
[SourceVersion "1"]
[SourceVersionDate "2012.11.22"]
[SourceQuality "1"]
[WhiteTeam "Nordhorn Blanke"]
[BlackTeam "Hannover"]
[WhiteTeamCountry "GER"]
[BlackTeamCountry "GER"]

1. d4 d5 2. Nf3 Nf6 3. Bf4 e6 4. e3 Nbd7 5. Nbd2 Be7 6. h3 0-0 7. Bd3 c5 8. c3 b6 9. 0-0 Bb7 10. Qe2 Re8 11. Bh2 Nf8 12. Ne5 c4 13. Bc2 b5 14. Rfe1 N6d7 15. e4 f6 16. Nxd7 Qxd7 17. Qh5 b4 18. Re3 a5 19. exd5 Bxd5 20. Be4 g6 21. Qe2 Rac8 22. Bxd5 exd5 23. Re1 Kf7 24. Qf3 Rc6 25. Re5 Re6 26. Rxe6 Nxe6 27. Qg4 Bd6 28. Nf3 Bxh2+ 29. Nxh2 Nf8 30. Rxe8 Qxe8 31. Nf3 Qb8 32. g3 Ne6 33. Qh4 h5 34. g4 Qf4 35. Kg2 hxg4 36. hxg4 Kg7 37. Qg3 Qxg3+ 38. fxg3 Nc7 39. Ng1 Nb5 40. Ne2 g5 41. Kf2 Kf7 42. Ke3 Ke6 43. Kf3 Nd6 1/2-1/2

[Event "GER-chT Seniors 20th"]
[Site "Gladenbach"]
[Date "2011.09.11"]
[Round "1.1"]
[White "Jacoby, Gisbert"]
[Black "Hilburt, Leonid"]
[Result "0-1"]
[WhiteElo "2094"]
[BlackElo "2024"]
[PlyCount "64"]
[EventDate "2011.09.11"]
[EventType "team-swiss"]
[EventRounds "7"]
[EventCountry "GER"]
[SourceTitle "CBM 144 Extra"]
[Source "ChessBase"]
[SourceDate "2011.10.28"]
[SourceVersion "1"]
[SourceVersionDate "2011.10.28"]
[SourceQuality "1"]
[WhiteTeam "Hamburg"]
[BlackTeam "Niedersachsen II"]
[WhiteTeamCountry "GER"]
[BlackTeamCountry "GER"]

1. d4 d5 2. c4 e6 3. Nc3 Nf6 4. cxd5 exd5 5. Bg5 Nbd7 6. e3 c6 7. Bd3 Bd6 8. Qc2 h6 9. Bh4 0-0 10. Nge2 Re8 11. h3 Nf8 12. g4 Ne6 13. 0-0-0 b5 14. f4 g5 15. fxg5 Nxg5 16. Bxg5 hxg5 17. h4 Nxg4 18. Rdg1 Nxe3 19. Qd2 g4 20. Nd1 Qe7 21. Nf2 f5 22. Nh3 Nc4 23. Qc2 Qe3+ 24. Kb1 Qd2 25. Ng3 Bxg3 26. Bxc4 Re1+ 27. Rxe1 Bxe1 28. Bb3 Qxc2+ 29. Kxc2 Bxh4 30. Nf4 Bf2 31. Nxd5 Kg7 32. Nc7 Rb8 0-1

[Event "Niedersachsen-ch Seniors 45th"]
[Site "Sottrum"]
[Date "2011.05.04"]
[Round "5"]
[White "Hilburt, Leonid"]
[Black "Gerhardt, Peter Michael"]
[Result "1/2-1/2"]
[WhiteElo "2154"]
[BlackElo "2138"]
[PlyCount "79"]
[EventDate "2011.04.30"]
[EventType "swiss"]
[EventRounds "9"]
[EventCountry "GER"]
[SourceTitle "EXT 2023"]
[Source "ChessBase"]
[SourceDate "2022.10.05"]
[SourceVersion "1"]
[SourceVersionDate "2022.10.05"]
[SourceQuality "1"]

1. e4 c5 2. Nc3 g6 3. g3 Bg7 4. Bg2 d6 5. f4 Nf6 6. Nf3 Nc6 7. d3 Bd7 8. 0-0 0-0 9. h3 Rb8 10. g4 b5 11. Ne2 c4 12. Ng3 cxd3 13. cxd3 Qb6+ 14. Kh1 b4 15. d4 Ne8 16. d5 Na5 17. Re1 b3 18. Be3 Qd8 19. e5 Nc4 20. Bxa7 Ra8 21. axb3 Nb6 22. Nd4 Qc7 23. Bxb6 Rxa1 24. Qxa1 Qxb6 25. Qd1 Nc7 26. Nc6 Bxc6 27. dxc6 Qf2 28. exd6 exd6 29. Ne4 Qxf4 30. Rf1 Qe5 31. Qxd6 Qa5 32. Nf6+ Bxf6 33. Qxf6 Ne6 34. Qc3 Qc7 35. Qc4 Rd8 36. Bd5 Qg3 37. Qe4 Qxh3+ 38. Kg1 Qg3+ 39. Qg2 Qe3+ 40. Kh1 1/2-1/2

[Event "Niedersachsen-ch Seniors op 13th"]
[Site "Bad Bevensen"]
[Date "2010.07.11"]
[Round "6"]
[White "Haubt, Georg"]
[Black "Hilburt, Leonid"]
[Result "1/2-1/2"]
[WhiteElo "2151"]
[BlackElo "2014"]
[PlyCount "89"]
[EventDate "2010.07.06"]
[EventType "swiss"]
[EventRounds "9"]
[EventCountry "GER"]
[SourceTitle "EXT 2012"]
[Source "ChessBase"]
[SourceDate "2011.11.24"]
[SourceVersion "1"]
[SourceVersionDate "2011.11.24"]
[SourceQuality "1"]

1. e4 e5 2. Nf3 Nc6 3. d4 exd4 4. Nxd4 Bc5 5. Nb3 Bb6 6. a4 Qf6 7. Qe2 a6 8. Nc3 Nge7 9. a5 Nd4 10. Nxd4 Bxd4 11. Bd2 d6 12. g3 Bd7 13. Bg2 0-0 14. 0-0 Rfe8 15. h4 h6 16. Qc4 Bc6 17. Kh2 Rad8 18. Rae1 Ba7 19. f4 Qe6 20. Nd5 Bb5 21. Qxc7 Bxf1 22. Rxf1 Nxd5 23. Qxb7 Ne3 24. Qxa7 Nxf1+ 25. Bxf1 Qxe4 26. Bd3 Qf3 27. Qd4 Re7 28. Bc3 Qg4 29. f5 Qxd4 30. Bxd4 Ra8 31. f6 gxf6 32. Bxf6 Re6 33. Bd4 d5 34. Kh3 h5 35. g4 hxg4+ 36. Kxg4 Re4+ 37. Bxe4 dxe4 38. Kf4 Re8 39. b4 Re6 40. c4 Rc6 41. Bc5 f5 42. Kxf5 e3 43. Bxe3 Rxc4 44. Bc5 Rxh4 45. Ke6 1/2-1/2

[Event "Niedersachsen-ch Seniors op 13th"]
[Site "Bad Bevensen"]
[Date "2010.07.08"]
[Round "3"]
[White "Hilburt, Leonid"]
[Black "Hagermann, Hermann"]
[Result "1-0"]
[WhiteElo "2014"]
[BlackElo "1738"]
[PlyCount "67"]
[EventDate "2010.07.06"]
[EventType "swiss"]
[EventRounds "9"]
[EventCountry "GER"]
[SourceTitle "EXT 2012"]
[Source "ChessBase"]
[SourceDate "2011.11.24"]
[SourceVersion "1"]
[SourceVersionDate "2011.11.24"]
[SourceQuality "1"]

1. e4 d5 2. exd5 Qxd5 3. Nc3 Qe5+ 4. Nge2 c6 5. d4 Qa5 6. Bd2 Nf6 7. Ng3 Bg4 8. Nce2 Qb6 9. Qc1 Nbd7 10. h3 Bxe2 11. Nxe2 e6 12. c3 Bd6 13. Qc2 0-0 14. 0-0-0 a5 15. g4 Rfc8 16. g5 Nd5 17. Bg2 Qc7 18. Be4 g6 19. h4 Nf4 20. Nxf4 Bxf4 21. h5 Bxd2+ 22. Qxd2 c5 23. d5 Nb6 24. dxe6 fxe6 25. hxg6 Rd8 26. gxh7+ Kh8 27. Qe2 Rxd1+ 28. Rxd1 Rf8 29. g6 Qe5 30. Bd3 Qf6 31. Re1 Nd5 32. Qxe6 Qg5+ 33. Kb1 Nf4 34. Qe7 1-0

[Event "Niedersachsen-ch Seniors 44th"]
[Site "Cadenberge"]
[Date "2010.04.21"]
[Round "9"]
[White "Rychlik, Kurt"]
[Black "Hilburt, Leonid"]
[Result "1-0"]
[WhiteElo "1938"]
[BlackElo "1954"]
[PlyCount "104"]
[EventDate "2010.04.13"]
[EventType "swiss"]
[EventRounds "9"]
[EventCountry "GER"]
[SourceTitle "EXT 2019"]
[Source "ChessBase"]
[SourceDate "2018.10.10"]
[SourceVersion "1"]
[SourceVersionDate "2018.10.10"]
[SourceQuality "1"]

1. d4 d5 2. Nf3 Nf6 3. c4 e6 4. Nc3 Nbd7 5. e3 Be7 6. Qc2 0-0 7. Bd2 dxc4 8. Bxc4 c5 9. 0-0 a6 10. a4 b6 11. dxc5 Bxc5 12. Rfd1 Qc7 13. Be2 Bb7 14. Rac1 Rac8 15. Qb1 Qb8 16. b4 Bd6 17. h3 Ne5 18. Nd4 Qa8 19. Bf1 Rfd8 20. Be1 g5 21. f3 Nc4 22. Bf2 Qb8 23. Qb3 Ne5 24. e4 Ng6 25. Nce2 Nf4 26. Nxf4 Bxf4 27. Be3 Rxc1 28. Rxc1 Bh2+ 29. Kh1 Nh5 30. Ne2 Nf4 31. Bxb6 Nxe2 32. Bxe2 Rd2 33. Rd1 Rxd1+ 34. Qxd1 Bd6 35. Bc5 Bf4 36. Bc4 Qc7 37. a5 h5 38. Qd3 g4 39. Bb6 Qc6 40. Qd8+ Kh7 41. Qd3 Qa4 42. Bc5 Qa1+ 43. Qf1 Qe5 44. Qd1 gxh3 45. gxh3 Bxe4 46. Bd3 f5 47. Bxe4 fxe4 48. Qd7+ Qg7 49. Qxg7+ Kxg7 50. fxe4 Kf6 51. Kg2 Ke5 52. Kf3 Bd2 1-0

[Event "Niedersachsen-ch Seniors 44th"]
[Site "Cadenberge"]
[Date "2010.04.18"]
[Round "6"]
[White "Gerhardt, Peter Michael"]
[Black "Hilburt, Leonid"]
[Result "1/2-1/2"]
[WhiteElo "1990"]
[BlackElo "1954"]
[PlyCount "98"]
[EventDate "2010.04.13"]
[EventType "swiss"]
[EventRounds "9"]
[EventCountry "GER"]
[SourceTitle "EXT 2019"]
[Source "ChessBase"]
[SourceDate "2018.10.10"]
[SourceVersion "1"]
[SourceVersionDate "2018.10.10"]
[SourceQuality "1"]

1. d4 d5 2. c4 e6 3. Nc3 Nf6 4. Bg5 Nbd7 5. Nf3 Be7 6. e3 0-0 7. Qc2 c6 8. Bd3 dxc4 9. Bxc4 b5 10. Be2 a6 11. 0-0 c5 12. dxc5 Bxc5 13. Rfd1 Qb6 14. Rac1 Bd6 15. Ne4 Be7 16. Nxf6+ Nxf6 17. Ne5 Nd5 18. Bxe7 Nxe7 19. Bf3 Rb8 20. Qc7 Nd5 21. Bxd5 exd5 22. Rc6 Qxc7 23. Rxc7 Be6 24. Nc6 Ra8 25. b4 g6 26. a3 Kg7 27. Nd4 Kf6 28. Rdc1 Rfc8 29. Kf1 Rxc7 30. Rxc7 Rc8 31. Rxc8 Bxc8 32. Ke2 h6 33. Kd3 Ke5 34. f4+ Kd6 35. Nb3 f6 36. Kd4 g5 37. g3 h5 38. fxg5 fxg5 39. Nc5 g4 40. Nd3 Be6 41. Nf4 Bf7 42. e4 dxe4 43. Kxe4 Be8 44. Kf5 Bd7+ 45. Kf6 Be8 46. Ne6 Bd7 47. Nc5 Bc8 48. Kg5 a5 49. Ne4+ Kd5 1/2-1/2

[Event "Bad Bevensen Seniors op 12th"]
[Site "Bad Bevensen"]
[Date "2009.07.15"]
[Round "9"]
[White "Merettig, Georg"]
[Black "Hilburt, Leonid"]
[Result "0-1"]
[WhiteElo "1797"]
[BlackElo "1937"]
[PlyCount "52"]
[EventDate "2009.07.07"]
[EventType "swiss"]
[EventRounds "9"]
[EventCountry "GER"]
[SourceTitle "EXT 2022"]
[Source "ChessBase"]
[SourceDate "2021.10.06"]
[SourceVersion "1"]
[SourceVersionDate "2021.10.06"]
[SourceQuality "1"]

1. Nc3 d5 2. f4 Nf6 3. e3 b6 4. Nf3 Bb7 5. Ne2 e6 6. Ng3 Nbd7 7. d4 c5 8. c3 Be7 9. f5 Bd6 10. fxe6 fxe6 11. Ng5 Qe7 12. Bd3 0-0-0 13. a4 c4 14. Be2 h6 15. Nh3 Ne4 16. Nf4 e5 17. dxe5 Nxe5 18. Ra3 g5 19. Bg4+ Kb8 20. Ne6 Nd3+ 21. Ke2 Nef2 22. Qg1 Nxg4 23. Nxd8 Rxd8 24. Bd2 Ngf2 25. Qf1 Nxh1 26. Qxh1 Ne5 0-1

[Event "Bad Bevensen Seniors op 12th"]
[Site "Bad Bevensen"]
[Date "2009.07.10"]
[Round "4"]
[White "Hilburt, Leonid"]
[Black "Brandt, Joachim"]
[Result "1/2-1/2"]
[WhiteElo "1937"]
[BlackElo "1752"]
[PlyCount "41"]
[EventDate "2009.07.07"]
[EventType "swiss"]
[EventRounds "9"]
[EventCountry "GER"]
[SourceTitle "EXT 2022"]
[Source "ChessBase"]
[SourceDate "2021.10.06"]
[SourceVersion "1"]
[SourceVersionDate "2021.10.06"]
[SourceQuality "1"]

1. e4 e6 2. d4 d5 3. Nd2 Nf6 4. e5 Nfd7 5. Bd3 c5 6. c3 Nc6 7. Ne2 cxd4 8. cxd4 Qb6 9. Nf3 Bb4+ 10. Kf1 0-0 11. h4 f6 12. exf6 Nxf6 13. Nf4 Bd6 14. g3 Bd7 15. h5 Nxd4 16. Nxd4 e5 17. Rh4 exf4 18. gxf4 Ne4 19. Be3 Qd8 20. Nf3 Be7 21. Rh1 1/2-1/2

[Event "Bad Bevensen Seniors op 12th"]
[Site "Bad Bevensen"]
[Date "2009.07.08"]
[Round "2"]
[White "Janzen, Christian"]
[Black "Hilburt, Leonid"]
[Result "1/2-1/2"]
[WhiteElo "1625"]
[BlackElo "1937"]
[PlyCount "27"]
[EventDate "2009.07.07"]
[EventType "swiss"]
[EventRounds "9"]
[EventCountry "GER"]
[SourceTitle "EXT 2022"]
[Source "ChessBase"]
[SourceDate "2021.10.06"]
[SourceVersion "1"]
[SourceVersionDate "2021.10.06"]
[SourceQuality "1"]

1. e4 e5 2. Nf3 Nc6 3. Bc4 Nf6 4. Nc3 Nxe4 5. Bxf7+ Kxf7 6. Nxe4 Be7 7. 0-0 d5 8. Ng3 Rf8 9. d3 Kg8 10. h3 Bd6 11. Bg5 Qe8 12. Re1 Qf7 13. Be3 Bxh3 14. Ng5 1/2-1/2

[Event "Niedersachsen-ch Seniors op 11th"]
[Site "Bad Bevensen"]
[Date "2008.07.10"]
[Round "3"]
[White "Hilburt, Leonid"]
[Black "Schlag, Franz"]
[Result "1-0"]
[WhiteElo "1981"]
[BlackElo "1889"]
[PlyCount "81"]
[EventDate "2008.07.08"]
[EventType "swiss"]
[EventRounds "9"]
[EventCountry "GER"]
[SourceTitle "EXT 2022"]
[Source "ChessBase"]
[SourceDate "2021.10.06"]
[SourceVersion "1"]
[SourceVersionDate "2021.10.06"]
[SourceQuality "1"]

1. e4 e5 2. Nf3 Nc6 3. Bb5 g6 4. d4 exd4 5. Nxd4 Bg7 6. Nxc6 bxc6 7. Bd3 Ne7 8. 0-0 0-0 9. Nc3 d5 10. Bg5 f6 11. Bh4 g5 12. Bg3 f5 13. f3 f4 14. Bf2 Qd6 15. Na4 Rf7 16. c3 h5 17. Qe2 g4 18. Bc5 Qh6 19. Rfe1 Ng6 20. exd5 Ne5 21. Be4 gxf3 22. gxf3 Qg5+ 23. Qg2 Qxg2+ 24. Kxg2 Bf5 25. dxc6 Bxe4 26. Rxe4 Nxc6 27. Rae1 Rf5 28. Kf2 Ne5 29. Rd1 Kf7 30. Ke2 Bf6 31. Bd4 Rg8 32. Rg1 Rxg1 33. Bxg1 a5 34. Bd4 Nc6 35. Bxf6 Rxf6 36. Nc5 Nd8 37. Nd3 Ne6 38. Re5 Rg6 39. Kf2 h4 40. Rh5 Ke7 41. Rxh4 1-0

[Event "Niedersachsen-ch Seniors 42th"]
[Site "Sottrum"]
[Date "2008.04.16"]
[Round "7"]
[White "Hilburt, Leonid"]
[Black "Adibekian, Roubik"]
[Result "1/2-1/2"]
[WhiteElo "2010"]
[BlackElo "2079"]
[PlyCount "32"]
[EventDate "2008.04.10"]
[EventType "swiss"]
[EventRounds "9"]
[EventCountry "GER"]
[SourceTitle "EXT 2022"]
[Source "ChessBase"]
[SourceDate "2021.10.06"]
[SourceVersion "1"]
[SourceVersionDate "2021.10.06"]
[SourceQuality "1"]

1. e4 d5 2. exd5 Qxd5 3. Nc3 Qa5 4. d4 Nf6 5. Nf3 c6 6. Bc4 Bf5 7. Bd2 e6 8. Nd5 Qd8 9. Nxf6+ Qxf6 10. c3 h6 11. 0-0 Bg4 12. Be2 Bd6 13. Ne5 Bxe2 14. Qxe2 Nd7 15. Nxd7 Kxd7 16. f4 Rad8 1/2-1/2

[Event "Niedersachsen-ch Seniors 42th"]
[Site "Sottrum"]
[Date "2008.04.12"]
[Round "3"]
[White "Hilburt, Leonid"]
[Black "Rychlik, Kurt"]
[Result "1-0"]
[WhiteElo "2010"]
[BlackElo "1870"]
[PlyCount "69"]
[EventDate "2008.04.10"]
[EventType "swiss"]
[EventRounds "9"]
[EventCountry "GER"]
[SourceTitle "EXT 2022"]
[Source "ChessBase"]
[SourceDate "2021.10.06"]
[SourceVersion "1"]
[SourceVersionDate "2021.10.06"]
[SourceQuality "1"]

1. e4 c5 2. Nc3 Nc6 3. g3 g6 4. Bg2 Bg7 5. f4 d6 6. Nge2 Nf6 7. d3 Qb6 8. Rb1 Nd4 9. 0-0 Be6 10. h3 h5 11. a3 Rd8 12. Be3 d5 13. e5 Nh7 14. Nxd4 cxd4 15. Bf2 f6 16. exf6 Bxf6 17. Ne2 g5 18. c3 gxf4 19. Nxf4 Ng5 20. h4 Bg4 21. Qa4+ Bd7 22. Qc2 Ne6 23. Nxd5 Qd6 24. Nxf6+ exf6 25. Rbe1 0-0 26. Qe2 dxc3 27. bxc3 Ng7 28. Bxb7 Bg4 29. Qa2+ Kh8 30. Qc4 Nf5 31. Bg2 Nxg3 32. Bc5 Qb8 33. Bxf8 Nxf1 34. Be7 Qb6+ 35. Kxf1 1-0